STN EN ISO 11276: 2014, Kvalita pôdy. Stanovenie napätia pôdnej vody. Tenziometrická metóda (ISO 11276: 1995)

Táto norma je slovenskou verziou európskej normy EN ISO 11276: 2014. Preklad zabezpečil Úrad pre normalizáciu, metrológiu a skúšobníctvo Slovenskej republiky. Táto norma má rovnaké postavenie, ako majú oficiálne verzie

Bibliographic Details
Corporate Author: Výskumný ústav meliorácií a krajinného inžinierstva (Bratislava, Slovensko) (Translator)
Other Authors: Nováková, Katarína (Translator)
Format: Book
Language:Slovak
English
PhysicalDescription:24 s. obr. 30 cm
Published: Bratislava Úrad pre normalizáciu, metrológiu a skúšobníctvo Slovenskej republiky 2014
Subjects:

MARC

LEADER 00000cam a2200000 a 4500
001 vtls010626256
003 SK-MaSNL
005 20260301175039.0
008 160429s2014 xo a f u 000 0 slo
015 |a SNBN2014 
020 |c (cen. skup. 4) 
040 |a SNK  |b slo  |c SNK  |e AACR2 
041 1 |a slo  |h eng 
044 |a xo  |c SK 
046 |a s  |m 201410 (účin.) 
072 7 |a 631  |x Poľnohospodárstvo. Pedológia. Agrotechnika. Agroekológia  |2 konspekt 
080 |a 631.4-021.465  |2 2001 
080 |a 006.86  |2 2001 
080 |a (437.6)  |2 2001 
080 |a (4)  |2 2001 
080 |a (083)  |2 2001 
080 |a 631.422/.423  |2 2001 
084 |a 13.080.20  |2 ICS 
130 0 |a STN 46 5252 (STN EN ISO 11276)  |9 548370 
245 1 0 |a STN EN ISO 11276: 2014, Kvalita pôdy. Stanovenie napätia pôdnej vody. Tenziometrická metóda (ISO 11276: 1995) 
246 1 0 |a Kvalita pôdy 
246 1 0 |a Stanovenie napätia pôdnej vody 
246 1 0 |a Tenziometrická metóda 
246 3 0 |a EN ISO 11276: 2014 E 
246 3 0 |a ISO 11276: 2015 
260 |a Bratislava  |b Úrad pre normalizáciu, metrológiu a skúšobníctvo Slovenskej republiky  |c 2014 
300 |a 24 s.  |b obr.  |c 30 cm 
500 |a Súbežný názov v angličtine, francúzštine, nemčine 
500 |a Spracovateľ: Výskumný ústav meliorácií a krajiného inžinierstva Bratislava, Katarína Nováková 
500 |a Táto norma nahrádza STN ISO 11276 z marca 2001 v celom rozsahu 
504 |a Literatúra s. 23 
520 8 |a Táto norma je slovenskou verziou európskej normy EN ISO 11276: 2014. Preklad zabezpečil Úrad pre normalizáciu, metrológiu a skúšobníctvo Slovenskej republiky. Táto norma má rovnaké postavenie, ako majú oficiálne verzie 
540 |a STN vydané na akomkoľvek nosiči sa môžu rozmnožovať a rozširovať iba so súhlasom určenej právnickej osoby  |b SÚTN Bratislava  |c zákon 264/1999 Z. z. 
650 0 7 |a technické normy a štandardy  |z Slovensko  |2 SNKPH  |9 79594 
650 0 7 |a technické normy a štandardy  |z krajiny Európskej únie  |2 SNKPH  |9 289341 
650 0 7 |a kvalita pôdy  |2 SNKPH  |9 73797 
650 0 7 |a Soil quality  |2 SNKPHeng  |9 326637 
650 0 7 |a analýza pôdy  |2 SNKPH  |9 69801 
650 0 7 |a Soil analysis  |2 SNKPHeng  |9 353153 
655 7 |a normy  |2 SNKPH  |9 70643 
700 1 |a Nováková, Katarína  |4 trl  |9 301062 
710 2 |a Výskumný ústav meliorácií a krajinného inžinierstva (Bratislava, Slovensko)  |4 trl  |9 267162 
710 2 |a Slovenský ústav technickej normalizácie (Bratislava, Slovensko).  |b Technická komisia č. 2 Meliorácie  |4 stn  |9 341914 
710 1 |a Slovensko.  |b Úrad pre normalizáciu, metrológiu a skúšobníctvo  |4 stn  |9 158117 
710 2 |a Slovenský ústav technickej normalizácie (Bratislava, Slovensko).  |b Technická komisia č. 6 Lesníctvo  |4 stn  |9 332254 
852 |a Štátna vedecká knižnica v Banskej Bystrici 
958 |a OP 
958 |a NB 
999 |c 841513  |d 843443 
952 |a SNK  |b SNK  |y PREZ  |7 0  |p 17A1118669  |o snkSTN EN ISO 11276  |i snk2014/23349  |8 0  |0 0  |1 0  |4 0  |d 2014-10-28  |l 0  |r 2026-02-24 04:13:48  |w 2026-02-24 
952 |a SNK  |b SNK  |y PREZ  |7 0  |p 17A1118668  |o snkSTN EN ISO 11276 D1  |i snk2014/23350  |8 0  |0 0  |1 0  |4 0  |d 2014-10-28  |l 0  |r 2026-02-24 04:13:48  |w 2026-02-24